Quiz Team Croûton - Statistiques

Statistiques générales
  • Ce quiz a été pris 198 fois
  • Le résultat moyen est 9 sur 56
Statistiques - réponses
Hint Réponse % Correct
Comment se nomme les membres de la Team Croûton ? Michou / Inoxtag / Valouzz / Pidi / Dobby / LeBouseuh / Doc Jazy
96%
Quel sont leurs prénoms ? Miguel / Ines / Valentin / Meg / Maxime / Romain / Jason
91%
Quel sont les destinations de tous les voyages qu'ils ont faits ? Maroc / Canada / Corse / Alpes / Mexique / Afrique du Sud / Belgique
70%
Combien de voyages des Croûtons ont-ils fais ? 7
68%
Quel est le Croûton qui vlog toutes les vacances des Croûtons ? Valouzz
68%
Quel est le Croûton qui s'occupe le plus souvent de l'organisation des voyages ? Dobby
61%
Et qui est celui qui en a le moins ? Dobby
61%
Quel est le Croûton aime bien faire la cuisine ? Pidi
57%
Comment se nomme le chien d'Inoxtag ? Ace
47%
Quel est le nom du chien de Michou ? Yuki
45%
Et celui de Valouzz ? Burgouzz
35%
Comment se nomme le restaurant de Michou ? Mealy
34%
Quels sont les sponsors qu'ils ont eu lors de leurs voyages ? Predator / Les Produits Laitiers / Rhinoshield
31%
Comment s'appelle le guide qu'ils ont eu en Afrique du Sud? Mario
15%
Comment s'appelle la femme avec qui Michou a passé 3 ans de sa vie ? Elsa Bois
13%
Sur quel jeu Michou c'est-il fait connaître ? Fortnite
13%
Tous les titres de Michou ? Fier / My Life / Rockstar / M2LT / Dans le club / Ma Belle / Mode Avion / Jamais Lâcher / B22 / 9 Mili / Lettre à mon Pote
11%
Comment s'appelle la compétition (organisée par Squeezie) à laquelle Valouzz et LeBouseuh ont-ils participés ? GPExplorer
11%
Tous les titres de Pidi ? C'est toi / Ça va aller / Les Boss / Dans ma Folie / Disquette / Maman
8%
Tous les titres d'Inoxtag ? Mili Mili / Funkinox / Barillo / Pas B'soin d'Toi / J'la Connais, j'Parle pas Japonais / Dans la Zone / Sous Piav
8%
Comment s'appelle la photographe qui accompagne les Croûtons dans tous leurs voyages ? Aurore
7%
Comment s'appelle la fille que Bouzi avait pris en stage de 3ème ? Cossi
7%
Comment s'appelle le monteur de Valouzz ? Lucas
6%
Comment s'appelle le Grand Frère de Michou le plus connu qui est sur le Youtube ? Pierre / Piwerre
6%
Et comment s'appelle le chien de LeBouseuh ? Uli
6%
Comment s'appelle le père d'Inoxtag Kader
5%
Quel Croûtons ont ouverts leurs restaurant ? Valouzz et Michou
4%
Comment se nomme les Croûtons qui ont quittées la Team ? Deujna et Apo
3%
Tous les Titres de LeBouseuh ? Pince / Les Boss / Bretagne Hall Starz
3%
Quel est le nom de la marque de LeBouseuh ? Lockd
2%
Quel est le surnom de la mère de Pidi ? Phido
2%
Comment s'appelle le documentaire en rapport avec le projet d'Inoxtag ? Kaizen, un an pour gravir l'Everest
1%
Comment s'appelle la chanson de Doc Jazy ? La Grosse Galère
1%
Comment s'appelle le frère de Valouzz ? Quentin
1%
Et comment s'appelle leur autre chien décédé ? Bug (Giterbug)
0%
Pourquoi Deujna a quittée la Team ? Car entre le Canada et la Corse, Elle et LeBouseuh se sont quittés
0%
Comment s'appelle le chat de Dobby ? Chatoon
0%
Comment s'appelle les neveux de Michou ? Clément / Timoute et Esteban / Stbann
0%
Comment s'appelle l'émission dont Michou s'est inspiré ? DALSI / Danse Avec Les Stars d'Internet
0%
Quels sont tous les duos ? Elsa Bois et Nicotine / Alyzée Bois et LeBouseuh / Domingo et Inès Vandamme / Baghera et Christian Millette / Natoo et Anthony Colette / Gaëlle Garcia Diaz et Jordan Mouillerac
0%
Quel prank a été fait à Inoxtag lors de vacances en Corse (Réalisé par Dobby et Apo dans la confidence de Doc Jazy et Valouzz) ? Il ont écrit une lettre en faisant croire à Inox qu'une fille nommée Léa était tombée amoureuse de lui
0%
Série de vidéos populaires sur la chaîne principale de Dobby ? "Je réagis à vos setup"
0%
Comment se nomme sur les réseaux les frères de Pidi ? Kaisson et Mikou
0%
Comment se sont t'ils rencontrés ? Lors de la saison 11 de DALS
0%
Site moi un même d'Inoxtag Mais.. J'suis dépendant / Accent Canadiens / Tarte à la Myrtille
0%
Quel Croûton à le plus d'abonnés ? Michou (10,4 M)
0%
Quels surnom est-ce que Pidi et Valouzz donnent à leurs enfants ? MJ et Tinou
0%
Comment s'appellent le chien de Valouzz et Pidi ? Mustang (Mortimer)
0%
Comment Pidi et Valouzz se sont rencontrés ? Pidi était dans la classe du frère à Valouzz, un jour, Pidi et le frère de Valouzz se parlent sur MSN, le frère de Valouzz a laissé son PC ouvert et Valouzz a vu que son frère parlait à une fille, il lui a donné rendez-vous, ils ont continués a se fréquenté et aujourd'hui sa fait 14 ans qu'ils sont ensembles
0%
Série de vidéos populaires sur la chaîne secondaire de LeBouseuh ? Réaction moto
0%
À quel événement Michou, Valouzz, LeBouseuh et Dobby ont-ils participé ? Redbull 400
0%
Et celui de Dobby ? Samy
0%
Quel est autre prank fait à Inoxtag en Afrique du Sud (Réaliser par Dobby dans la confidence de Valouzz) ? Suite à la récupération de leurs valises, avant que Mario les ramènes de l'aéroport, Dobby a récupéré en secret dans la valise d'Inox ses chaussures à 1200€ ainsi que des T-Shirts
0%
Comment s'appellent les membres du local de LeBouseuh ? Théa, Fabi1, Dobby, Alex, Romain Inachevé, Mathis, Eliott / Maytou, Guillaume, Genzo
0%
Quel autre projet (similaire à Kaizen) a-t-il décidé de réalisé (juillet 2025) Traversée de l'Atlantique
0%
Comment s'appelle le monteur de Michou ? Weykit
0%
Aucun quiz correspondant
Distribution des résultats
% des personnes avec chaque résultat
Percentile par nombre de réponses
Votre historique - résultats
Vous n’avez pas pris ce quiz